000 00540cam a2200169 4500
001 2384
005 20181127165041.0
008 881027t19891977nyu 000 0 eng
010 _a 88032633
020 _a0020248911
100 1 _aShange, Ntozake.
245 1 0 _aFor colored girls who have considered suicide when the rainbow is enuf :
_ba choreopoem /
_cNtozake Shange.
250 _a1st Collier Books ed.
260 _aNew York :
_bCollier Books,
_c1989, c1977.
300 _axvi, 64 p. ;
_c24 cm.
650 0 _aAfrican American women
_vPoetry.
999 _c1908
_d1908